000 00438nam a22001577a 4500
005 20251108165853.0
008 250721s9999 xx 000 0 ara d
082 1 4 _aط/681.6/أخت
245 1 0 _aإختراع الطباعه /
264 1 _aبيروت :
_bدار الشرق العربي،
_c[19-].
300 _a23ص
490 0 _aالعلماء و المخترعين
650 1 7 _aالطباعه
942 _2ddc
_cBK
999 _c33457
_d33457